Frustrated achievers: winners, losers, and subjective well-being in Peru's emerging economy (Record no. 70589)

000 -LEADER
fixed length control field 00525pab a2200169 454500
008 - FIXED-LENGTH DATA ELEMENTS--GENERAL INFORMATION
fixed length control field 180718b2006 xxu||||| |||| 00| 0 eng d
100 ## - MAIN ENTRY--PERSONAL NAME
Personal name Graham, Carol
245 ## - TITLE STATEMENT
Title Frustrated achievers: winners, losers, and subjective well-being in Peru's emerging economy
260 ## - PUBLICATION, DISTRIBUTION, ETC.
Date of publication, distribution, etc. 2006
300 ## - PHYSICAL DESCRIPTION
Extent p.128-53.
362 ## - DATES OF PUBLICATION AND/OR SEQUENTIAL DESIGNATION
Dates of publication and/or sequential designation Jul
650 ## - SUBJECT ADDED ENTRY--TOPICAL TERM
Topical term or geographic name entry element Economic behaviour - Peru
650 ## - SUBJECT ADDED ENTRY--TOPICAL TERM
Topical term or geographic name entry element Economic behaviour
700 ## - ADDED ENTRY--PERSONAL NAME
Personal name Pettinato, Stefano
773 ## - HOST ITEM ENTRY
Main entry heading Annals of the American Academy of Political and Social Science
909 ## -
-- 70589
Holdings
Withdrawn status Lost status Damaged status Not for loan Permanent Location Current Location Date acquired Serial Enumeration / chronology Barcode Date last seen Price effective from Koha item type
        Indian Institute of Public Administration Indian Institute of Public Administration 2018-07-19 Volume no: 606, AR71049 2018-07-19 2018-07-19 Articles

Powered by Koha